000
00186 a2200097 4500
020
_a
9780881139570
041
_a
spa
100
_a
Donald Miller
245
_a
Tal como el jazz
942
_c
K
999
_c
26788
_d
26788